[Event "XXVII RUS-chT Premier 2020"]
[Site "Sochi"]
[Date "2020.11.21"]
[Round "3.14"]
[White "Alekseev, Evgeny"]
[Black "Shubin, Kirill"]
[Result "1-0"]
[WhiteElo "2615"]
[BlackElo "2441"]
[Annotator "TA"]
[PlyCount "81"]
[EventDate "2020.11.19"]
[EventType "team-tourn"]
[EventCountry "RUS"]
[SourceTitle "playchess.com"]
[Source "ChessBase"]
[SourceQuality "1"]

{[%evp 13,81,9,22,18,8,0,10,17,19,5,8,0,24,9,34,7,89,73,72,82,114,133,120,126,124,131,124,130,133,129,133,113,129,135,165,147,135,117,142,125,200,196,202,200,200,184,193,187,220,222,220,222,262,265,267,262,273,244,273,226,257,242,348,347,424,335,464,446,512,517]} 1. Nf3 Nf6 2. c4 b6 3. g3 Bb7 4. Bg2 e6 5. O-O Be7 6. d4 O-O 7. Re1 Na6 8. a3 {E17: Queen's Indian: 4 g3 Bb7 5 Bg2 Be7.} d5 9. cxd5 exd5 10. Nc3 {The position is equal.} c5 11. Bf4 Ne4 12. Rc1 Bf6 13. Be5 Re8 14. e3 (14. Bxf6 {feels hotter.} Qxf6 15. e3 Nxc3 16. bxc3 Rad8 17. Ne5) 14... Nc7 (14... Nxc3 $11 {remains equal.} 15. Rxc3 Bxe5 16. Nxe5 Nc7) 15. Bxf6 {White now steadily converts the win.} Qxf6 16. dxc5 bxc5 17. Nxe4 dxe4 18. Nd2 Ne6 19. Nxe4 ({But not} 19. Bxe4 $6 Bxe4 20. Nxe4 Qxb2 $14) 19... Bxe4 20. Bxe4 Rab8 21. b3 Qb2 {[#]} 22. Qc2 $146 ({Predecessor:} 22. Bd5 Ng5 23. Qg4 Re5 24. e4 Rbe8 25. Rcd1 Qc3 26. Re3 Qc2 27. Rde1 {1-0 (47) Loginov,V-Zagrebelny,S Tashkent 1982}) 22... Rxb3 23. Bxh7+ Kh8 24. Qxb2 Rxb2 25. Bf5 Ng5 {next ...Nf3+ is good for Black.} 26. Kg2 ({And not} 26. Rxc5 Nf3+ 27. Kf1 Nxe1 $15) 26... Re5 (26... g6 $16 {keeps fighting.}) 27. Rb1 $18 Rxb1 28. Bxb1 {[%mdl 4096] [#] Endgame Strongly threatening f4. KRB-KRN} Re7 29. Rc1 Rc7 30. f4 Ne6 31. Ba2 Nf8 32. Kf3 g6 33. a4 {[%cal Ba3a4,Ba4a5][%mdl 32]} Kg7 34. a5 Nd7 35. g4 Kf8 36. g5 Ke7 37. Bd5 f6 (37... Nb8 {might work better.} 38. Ke4 Kd6) 38. h4 Kd6 39. Be4 f5 40. Bd3 Ke6 41. Bc4+ {Weighted Error Value: White=0.11/Black=0.30} 1-0

[Event "XXVII RUS-chT Premier 2020"]
[Site "Sochi"]
[Date "2020.11.21"]
[Round "3.15"]
[White "Usmanov, Vasily"]
[Black "Kokarev, Dmitry"]
[Result "1/2-1/2"]
[WhiteElo "2442"]
[BlackElo "2621"]
[Annotator "TA"]
[PlyCount "59"]
[EventDate "2020.11.19"]
[EventType "team-tourn"]
[EventCountry "RUS"]
[SourceTitle "playchess.com"]
[Source "ChessBase"]
[SourceQuality "1"]

{[%evp 9,59,8,21,0,0,-2,0,-26,-12,-33,-35,-37,-42,-50,-45,-33,-14,-31,-11,-14,-12,-12,0,0,0,0,0,0,26,24,23,-37,-18,-23,-25,-28,-28,-76,0,0,0,0,0,0,0,0,0,0,0,0,0,0]} 1. d4 Nf6 2. g3 g6 3. Bg2 c5 4. d5 b5 {[#]} 5. a4 $146 ({Predecessor:} 5. e4 d6 6. Ne2 Bg7 7. O-O O-O 8. Na3 Ba6 9. c3 Ng4 10. Nc2 Qb6 11. Ne3 Nxe3 12. Bxe3 {0-1 (29) Cantero,C (1877)-Arbuello,D (2062) Misiones 2015}) 5... b4 6. e4 {A45: Trompowsky Attack.} d6 7. c4 bxc3 8. bxc3 Bg7 9. Nd2 Ba6 10. Bf1 Qa5 11. Ra3 O-O 12. Ngf3 Re8 13. Bxa6 Qxa6 14. c4 e6 {[#] And now ...exd5 would win.} 15. O-O $1 exd5 16. exd5 Nbd7 17. Bb2 Rab8 18. Bc3 Ng4 19. Bxg7 Kxg7 20. Nd4 (20. a5 $11) 20... Nxh2 $15 {[#]} ({Don't play} 20... cxd4 $6 21. Qxg4 Ne5 22. Qxd4 $14) 21. Nf5+ $1 {[%mdl 512]} gxf5 22. Kxh2 Ne5 23. Qh5 Nxc4 (23... Rb2 $17 {Strongly threatening ...h6.} 24. Qxf5 Qc8 25. Qg5+ Ng6) 24. Qg5+ $11 {The position is equal.} Kf8 25. Qh6+ Kg8 26. Qg5+ Kf8 27. Qh6+ Kg8 28. Qg5+ Kf8 29. Qh6+ Kg8 30. Qg5+ {Weighted Error Value: White=0.09/Black=0.06} 1/2-1/2

[Event "XXVII RUS-chT Premier 2020"]
[Site "Sochi"]
[Date "2020.11.21"]
[Round "3.16"]
[White "Makarian, Rudik"]
[Black "Pershin, Denis"]
[Result "1/2-1/2"]
[WhiteElo "2441"]
[BlackElo "2387"]
[Annotator "TA"]
[PlyCount "140"]
[EventDate "2020.11.19"]
[EventType "team-tourn"]
[EventCountry "RUS"]
[SourceTitle "playchess.com"]
[Source "ChessBase"]
[SourceQuality "1"]

{[%evp 9,140,27,28,0,6,9,10,-6,15,-10,-11,-14,-11,-10,-6,-14,8,0,4,0,0,-33,0,0,0,0,0,0,17,22,27,6,6,2,2,0,0,0,0,0,0,0,14,0,31,0,34,0,20,5,11,13,15,0,0,0,0,0,0,0,0,0,0,0,7,12,98,110,86,83,130,119,260,260,648,555,496,277,275,204,239,210,231,0,193,79,103,8,8,8,92,91,403,93,377,0,0,0,46,43,43,8,8,8,8,0,0,0,0,0,0,0,0,0,997,0,0,0,865,0,0,0,6027,5097,852,0,0,0,0,0,0,0,0]} 1. d4 Nf6 2. c4 e6 3. Nf3 d5 4. Nc3 a6 5. cxd5 exd5 6. Qc2 {D37: Queen's Gambit Declined: 5 Bf4.} Be6 {[#]} 7. Bf4 $146 ({Predecessor:} 7. Bg5 Nbd7 8. e3 h6 9. Bh4 g5 10. Bg3 Nh5 11. Bd3 Nxg3 12. hxg3 Bg7 13. Bf5 Qf6 {0-1 (27) Mikrut,D (2406)-Heberla,B (2580) Poland 2017}) 7... Bd6 8. e3 O-O 9. Bd3 Bxf4 10. exf4 Nc6 11. f5 Bd7 {Black wants to play ...Re8+.} 12. O-O Qe7 13. Rae1 Qd6 14. Qd2 Rfe8 15. a3 Re7 16. h3 Rae8 17. Rxe7 Rxe7 18. Re1 Nh5 19. Rxe7 Nxe7 20. g4 Nf4 21. Bf1 f6 22. Qe3 h5 23. Ne2 Nxe2+ 24. Bxe2 hxg4 25. hxg4 Kf7 26. b4 Nc6 27. Bd1 Ne7 28. Bc2 Qc6 29. Bb3 Qd6 30. Nh4 Kf8 31. Ng2 a5 32. Nf4 axb4 33. axb4 Qxb4 34. Bxd5 Nxd5 35. Nxd5 Qd6 36. Nf4 Be8 37. Ne6+ Kf7 (37... Kg8 $1 $11) 38. Qb3 $16 Qb6 39. Qc4 Ke7 40. Nxc7 Qb1+ (40... Qc6 $16 {was worth a try.} 41. Qe2+ Kf8 42. Ne6+ (42. Nxe8 Qxe8 43. Qd3 Qa4 $16) 42... Kg8) 41. Kg2 $18 Bc6+ $2 (41... Qe4+ 42. f3 Qc6 43. Qe2+ Kf8) 42. d5 Bd7 43. Ne6 (43. Qc5+ $142 Kf7 44. Ne6 Qe4+ 45. Kg3 Bxe6 46. fxe6+ Kg8 47. Qc7 Qd3+ 48. f3) 43... Qb5 44. Qe4 Kd6 45. Qf4+ (45. Nxg7 $6 Qxd5 46. Qxd5+ Kxd5 $16) 45... Ke7 46. Qe4 ({Don't take} 46. Nxg7 $6 Qxd5+ 47. f3 Qd3 $16) 46... Kd6 $1 47. Nf4 ({Much less strong is} 47. Nxg7 Qxd5 48. Qxd5+ Kxd5) (47. f3 $18 {is more deadly.}) 47... Qc5 $16 48. Qb1 ({White should play} 48. Qe1 $1 $16) 48... b5 $1 $11 49. Qa1 Qc4 (49... b4 $11 {remains equal.}) 50. Qa7 $1 $16 Qc7 $2 {[%mdl 8192] [#]} (50... Ke7 $16 {is a better chance.} 51. Kg3 Qc1) 51. Qa8 $2 (51. Qa6+ $1 $18 {and the rest is easy.} Kc5 52. Qa3+ b4 53. Nd3+ {[%mdl 64] Double Attack} Kd6 54. Qxb4+ Kxd5 55. Nf4+ Kc6 56. Nh5) 51... Ke5 $2 {[%mdl 8192]} (51... Bc8 $16) 52. Ne6 $2 ({Only move:} 52. Qa3 $18 Qc4 53. Ng6+ Kd4 54. Nf4) 52... Qc4 $11 53. Kg3 Qc3+ 54. Kh4 {aiming for Qd8.} b4 {[%cal Bb5b4,Bb4b3,Bb3b2][%mdl 32]} 55. Qb7 b3 $1 {[%cal Rb3b2]} 56. Qxd7 b2 $1 $132 {[%cal Rb2b1][%mdl 2048] Black is not holding back} 57. Qb5 Qc1 $1 58. Qb8+ Ke4 59. Qb4+ Kf3 {[%cal Rc1h6]} 60. Qb3+ Kg2 $1 {[%cal Rc1h6]} 61. Qg3+ {Cut Off at move 61} Kf1 $2 {[%mdl 8192]} (61... Kh1 $11 62. Qf3+ Kh2 63. Qh3+ Kg1 64. Qg3+ Kh1 65. Qh3+ Kg1 66. Qg3+ Kh1) 62. Qd3+ $2 (62. Nf4 $18 {Intending Qd3+ and mate.} b1=Q 63. Qh3+ Ke1 64. Nd3+ Qxd3 {[%mdl 64] Remove Defender} 65. Qxd3 Kxf2 66. Qg3+ Kf1 67. Qf3+ Kg1 68. Qe2) 62... Kg2 {[%cal Rc1h6]} (62... Kg1 $5 63. Qg3+ $8 Kh1 64. Qf3+ Kh2 65. Qg3+ Kh1 $11) 63. Qg3+ Kf1 {[%cal Rc1h6]} 64. Qd3+ $2 (64. Nf4 $18 {White threatens Qd3+ and mate.} b1=Q 65. Qh3+ Ke1 66. Nd3+ Qxd3 {[%mdl 64] Remove Defender} 67. Qxd3 Kxf2 68. Qg3+ Kf1 69. Qf3+ Kg1 70. Qe2) 64... Kg2 {[%cal Rc1h6]} (64... Kg1 $5 65. Qg3+ $8 Kh1 $11) 65. Qe4+ Kxf2 $2 {[%mdl 8192]} (65... Kh2 $11 66. Nf4 Qf1) 66. Nf4 $18 {Threatening mate with Qe2+.} ({Worse is} 66. Qd4+ Ke2 $11) 66... Qd2 {[#]} 67. Nd3+ $2 (67. d6 $1 $18 {d7! is the strong threat.} Kg1 (67... Qxd6 68. Qe2+) 68. Kh5) 67... Kg1 $11 {[%cal Rd2h2] The position is equal.} 68. Qd4+ $1 {[%mdl 64] Double Attack} Kf1 {[%cal Rd2h2]} 69. Qxb2 Qh6+ 70. Kg3 {[%csl Gg3][%cal Rb2g2]} Qe3+ {[%mdl 64] Double Attack.  Weighted Error Value: White=0.43/Black=0.33} 1/2-1/2

[Event "XXVII RUS-chT Premier 2020"]
[Site "Sochi"]
[Date "2020.11.21"]
[Round "3.17"]
[White "Timerkhanov, Alexander"]
[Black "Petrov, Nikita"]
[Result "1/2-1/2"]
[WhiteElo "2379"]
[BlackElo "2577"]
[Annotator "TA"]
[PlyCount "61"]
[EventDate "2020.11.19"]
[EventType "team-tourn"]
[EventCountry "RUS"]
[SourceTitle "playchess.com"]
[Source "ChessBase"]
[SourceQuality "1"]

{[%evp 15,61,-9,0,-1,0,0,14,0,-5,-7,0,0,0,0,0,0,0,0,0,0,0,0,0,0,0,0,0,0,0,0,0,0,0,0,0,0,0,0,0,0,0,0,0,0,0,0,0,0]} 1. d4 d5 2. Bf4 Nf6 3. e3 c5 4. c3 Nc6 5. Nd2 e6 6. Ngf3 Bd6 7. Bg3 O-O 8. Bd3 b6 {The position is equal.} 9. Qe2 {D02: 1 d4 d5 2 Nf3 sidelines, including 2...Nf6 3 g3 and 2...Nf6 3 Bf4.} Bb7 10. Rd1 g6 {[#]} 11. O-O $146 ({Predecessor:} 11. Bh4 Be7 12. O-O Nh5 13. Bxe7 Qxe7 14. Ne5 cxd4 15. Nxc6 Bxc6 16. exd4 Nf4 17. Qf3 {1-0 (51) Kamsky,G (2638)-Zherebukh,Y (2600) Greensboro 2016}) 11... Bxg3 12. hxg3 (12. fxg3 {is interesting.} Rc8 13. Bb5 Qc7 14. Rde1 Qe7 15. Rd1) 12... Qc7 13. e4 dxe4 14. Nxe4 Nxe4 15. Bxe4 cxd4 16. Nxd4 Nxd4 17. Rxd4 Rad8 18. Rfd1 {[#] Threatens to win with Rxd8.} Rxd4 19. Rxd4 Bxe4 20. Qxe4 $11 {[%mdl 4096] Endgame KQR-KQR} Rd8 21. Qd3 Rxd4 22. Qxd4 {KQ-KQ} e5 23. Qd5 Qe7 24. a4 Qg5 25. Qa8+ Kg7 26. Qxa7 Qc1+ {[%mdl 64] [#] Double Attack} 27. Kh2 Qh6+ 28. Kg1 Qc1+ 29. Kh2 Qh6+ 30. Kg1 Qc1+ 31. Kh2 {Not much happened in this game.  Weighted Error Value: White=0.01/Black=0.02} 1/2-1/2

[Event "XXVII RUS-chT Premier 2020"]
[Site "Sochi"]
[Date "2020.11.21"]
[Round "3.18"]
[White "Zakhartsov, Vladimir"]
[Black "Saveliev, Alexei"]
[Result "1-0"]
[WhiteElo "2484"]
[BlackElo "2363"]
[Annotator "TA"]
[PlyCount "107"]
[EventDate "2020.11.19"]
[EventType "team-tourn"]
[EventCountry "RUS"]
[SourceTitle "playchess.com"]
[Source "ChessBase"]
[SourceQuality "1"]

{[%evp 9,107,0,7,6,17,0,7,2,7,1,77,62,58,-7,58,57,75,75,91,96,103,70,112,91,199,68,87,47,58,49,56,56,55,52,56,56,56,56,89,94,75,58,55,42,104,105,113,72,243,245,235,235,205,191,185,177,184,183,176,159,194,190,223,195,231,145,203,168,244,239,285,285,327,305,327,327,664,664,664,610,29963,29967,29968,29968,29968,29967,29969,29969,29968,29970,29969,29972,29972,29973,29974,29975,29977,29978,29981,29978]} 1. d4 Nf6 2. c4 e6 3. Nc3 Bb4 4. e3 O-O 5. Bd2 c5 6. a3 {E46: Nimzo-Indian: Rubinstein: 4 e3 0-0 5 Ne2 without early Bd3.} Bxc3 7. Bxc3 Ne4 8. Rc1 {The position is equal.} b6 9. Bd3 {[#]} Bb7 $146 (9... Nxc3 $11 {keeps the balance.} 10. Rxc3 Bb7) ({Predecessor:} 9... Nxc3 10. Rxc3 Bb7 11. Nf3 cxd4 12. exd4 d5 13. Ne5 g6 14. h4 dxc4 15. Bxc4 Nc6 {0-1 (39) Budisavljevic,L (2457)-Andreev,E (2420) Belgrade 2020}) 10. Bxe4 $16 Bxe4 11. d5 (11. dxc5 $14 bxc5 12. Nh3) 11... Qg5 (11... Qh4 $11) 12. Nh3 $14 Qh6 ({But not} 12... Qxg2 $2 13. Rg1 $18) 13. Nf4 exd5 14. cxd5 Re8 15. Kf1 d6 16. h4 f6 (16... g6 $16) 17. Rh3 (17. f3 $18) 17... Nd7 18. Bd2 {Hoping for f3.} Ne5 19. f3 Bd3+ 20. Kg1 f5 $1 21. Ne6 Rxe6 22. dxe6 Qxe6 23. Bc3 $36 {[%mdl 2048] Black must now prevent Bxe5. White fights for an advantage.} Bb5 {Black wants to play ...Nd3.} 24. Rg3 Re8 25. e4 f4 26. Rg5 g6 (26... Bd7 $14) 27. Bxe5 $16 dxe5 {[#]} 28. g3 $1 Re7 $2 {Loses the game.} (28... h6 $16 29. Rg4 fxg3) 29. Qd5 $18 Qxd5 30. exd5 {[%mdl 4096] Endgame KRR-KRB} Kf7 {Threatening ...h6.} 31. Re1 Kf6 {[#]} 32. gxf4 $1 exf4 33. Rxe7 Kxe7 {KR-KB} 34. Rg4 Bd3 35. Rxf4 Bf5 36. Kf2 Kd6 37. Ke3 Kxd5 {[#]} (37... h5 $16 {was worth a try.} 38. b4 cxb4) 38. h5 $1 {[%mdl 512]} Ke5 (38... Kd6 $142 39. hxg6 hxg6) (38... gxh5 39. Rxf5+) 39. Rh4 b5 40. hxg6 Bxg6 41. Rg4 a5 42. Rg5+ Kd6 $2 {[#]} (42... Bf5 43. f4+ Kf6) 43. b4 $1 {[%mdl 512]} axb4 44. axb4 cxb4 45. Rxb5 {White mates.} Bf7 46. Rxb4 Ke5 47. Rb7 Bg6 48. Rb5+ Kf6 49. Kf4 Bf7 50. Rb6+ Be6 51. Ke4 h5 52. f4 Ke7 53. Ke5 Bd7 54. Rb7 {Weighted Error Value: White=0.10/Black=0.39} 1-0

[Event "XXVII RUS-chT Premier 2020"]
[Site "Sochi"]
[Date "2020.11.21"]
[Round "3.19"]
[White "Andreikin, Dmitry"]
[Black "Artemiev, Vladislav"]
[Result "1/2-1/2"]
[WhiteElo "2726"]
[BlackElo "2708"]
[Annotator "TA"]
[PlyCount "61"]
[EventDate "2020.11.19"]
[EventType "team-tourn"]
[EventCountry "RUS"]
[SourceTitle "playchess.com"]
[Source "ChessBase"]
[SourceQuality "1"]

{[%evp 15,61,37,39,29,26,22,28,12,48,41,38,51,41,0,8,3,13,8,6,0,0,0,0,0,0,0,0,-8,-7,-12,0,0,0,0,0,-5,-9,-6,0,0,0,-10,0,0,0,-8,0,0]} 1. d4 d5 2. c4 dxc4 3. e3 Nf6 4. Bxc4 e6 5. Nf3 c5 6. O-O a6 7. dxc5 Bxc5 8. Qxd8+ Kxd8 9. Ne5 {D27: Queen's Gambit Accepted: Classical main line: 7 e4!? and 7 a4.} Ke7 10. Be2 Bd7 {has lost popularity (10...Nbd7).} 11. Bf3 {White has an edge.} Nc6 12. Nxc6+ Bxc6 13. Bxc6 bxc6 14. Nd2 {[#]} a5 $146 {The position is equal.} ({Predecessor:} 14... Rhd8 15. b3 Rac8 16. Nc4 Ne4 17. Bb2 f6 18. Rfd1 Rd5 19. Rac1 Rcd8 20. Rxd5 cxd5 {1-0 (63) Zarkua,E (1920)-Muhren,B (2336) Yerevan 2006}) 15. Nc4 Rhd8 16. Bd2 Bb4 17. Rad1 Bxd2 18. Rxd2 Rxd2 19. Nxd2 $11 {[%mdl 4096] Endgame KRN-KRN} Rb8 20. Rb1 a4 21. Nc4 Rb5 22. Rc1 Rc5 23. Kf1 Ne4 {[#] And now ...Rxc4! would win.} 24. Ke2 Nd6 25. Kd3 Rd5+ 26. Ke2 Rc5 27. Kd3 Rd5+ 28. Ke2 Rc5 29. Kd3 Rd5+ 30. Ke2 Rc5 31. Kd3 {Weighted Error Value: White=0.04/Black=0.04} 1/2-1/2

[Event "XXVII RUS-chT Premier 2020"]
[Site "Sochi"]
[Date "2020.11.21"]
[Round "3.20"]
[White "Timofeev, Artyom"]
[Black "Dreev, Aleksey"]
[Result "1/2-1/2"]
[WhiteElo "2585"]
[BlackElo "2655"]
[Annotator "TA"]
[PlyCount "48"]
[EventDate "2020.11.19"]
[EventType "team-tourn"]
[EventCountry "RUS"]
[SourceTitle "playchess.com"]
[Source "ChessBase"]
[SourceQuality "1"]

{[%evp 10,48,31,27,22,0,12,-22,-10,-15,-10,-11,0,-2,14,0,12,-33,-14,-13,25,17,30,27,8,10,18,7,57,2,4,4,4,0,0,0,0,0,0,0,8]} 1. e4 c6 2. d4 d5 3. exd5 cxd5 4. Bd3 Nc6 5. c3 Qc7 6. h3 e6 {B13: Caro-Kann: Exchange Variation and Panov-Botvinnik Attack.} 7. Ne2 Bd6 8. Be3 {[#]} Nge7 $146 ({Predecessor:} 8... f5 9. Qd2 Nf6 10. Bf4 Ne4 11. Bxe4 fxe4 12. Bxd6 Qxd6 13. Na3 O-O 14. Qg5 a6 {0-1 (38) Titz,H (1997)-Neulinger,M (2260) St Veit 1999}) 9. Qd2 Ng6 10. h4 e5 11. h5 Nf4 12. Bxf4 exf4 13. Qc2 Qe7 14. Nd2 Qg5 15. O-O-O Be6 16. g3 fxg3 17. fxg3 O-O-O 18. Rdf1 g6 ({Don't blunder} 18... Bxg3 $2 19. Rfg1 $18) 19. Nf4 ({White should play} 19. Kb1 $1 $14) 19... Qxg3 $11 {The position is equal.} 20. Nxe6 fxe6 21. Rhg1 Qh2 22. Rh1 Qg3 23. Rhg1 Qh2 24. Rh1 Qg3 {A rather calm draw.  Weighted Error Value: White=0.11/Black=0.09} 1/2-1/2

[Event "XXVII RUS-chT Premier 2020"]
[Site "Sochi"]
[Date "2020.11.21"]
[Round "3.21"]
[White "Rublevsky, Sergei"]
[Black "Gaifullin, Artur"]
[Result "0-1"]
[WhiteElo "2653"]
[BlackElo "2460"]
[Annotator "TA"]
[PlyCount "72"]
[EventDate "2020.11.19"]
[EventType "team-tourn"]
[EventCountry "RUS"]
[SourceTitle "playchess.com"]
[Source "ChessBase"]
[SourceQuality "1"]

{[%evp 10,72,13,8,28,22,33,25,31,10,13,13,22,0,0,0,6,4,8,9,29,0,0,0,0,0,0,0,0,-6,20,-13,-12,-11,-14,-15,-12,-11,-11,-11,-10,-11,-10,-10,-10,-6,-13,-18,-20,-19,-14,-150,-128,-373,-350,-397,-390,-388,-371,-787,-779,-751,-724,-706,-691]} 1. e4 c6 2. d4 d5 3. e5 Bf5 4. Nd2 e6 5. Nb3 Nd7 6. Nf3 h6 {B12: Caro-Kann: Advance Variation.} 7. Be2 Ne7 8. O-O g5 {White has an edge.} 9. Bd2 a5 10. a4 Bg7 11. c4 O-O 12. Rc1 dxc4 13. Bxc4 c5 14. dxc5 {[#]} Nc6 $146 ({Predecessor:} 14... Nxe5 15. Nxe5 Bxe5 16. Qh5 Bg7 17. h4 Bg6 18. Qg4 Bf5 19. Qh5 Bg6 20. Qg4 Bf5 {½-½ (20) Repp,H (2512)-Zidu,J (2579) ICCF email 2011}) 15. Bb5 Ndxe5 16. Nxe5 Bxe5 17. Bc3 Qxd1 18. Rfxd1 Bf4 19. Nd2 {[%cal Bb3d2,Bd2e4,Be4f6][%mdl 32]} Bg4 20. Ne4 {[#] Black must now prevent Nf6+.} Bxd1 21. Nf6+ Kg7 22. Nd7+ $1 f6 23. Rxd1 Rf7 $1 {Strongly threatening ...Rd8.} 24. Nxf6 Be5 ({But not} 24... Rxf6 $2 25. Rd7+ Kg8 26. Bxf6 $18) 25. Bxe5 Nxe5 26. Ne8+ Kf8 27. Re1 $1 $132 {[%cal Re1e5][%mdl 2048] White has counterplay} Ng4 28. Nd6 {Hoping for h3.} Re7 $1 ({Not} 28... Rxf2 $2 29. h3 $18) 29. Bc4 Nf6 30. Bxe6 {[#]} (30. g3 $11 {keeps the balance.}) 30... Ra6 $1 $17 31. Re5 $2 {This costs White the game.} (31. Kf1 $17) 31... Rc6 $19 32. h4 b6 33. hxg5 hxg5 34. Bd5 $2 (34. Nc4) 34... Rxc5 {Black is clearly winning.} 35. Rf5 Rxd5 36. Rxf6+ Kg7 {Weighted Error Value: White=0.36/Black=0.03} 0-1

[Event "XXVII RUS-chT Premier 2020"]
[Site "Sochi"]
[Date "2020.11.21"]
[Round "3.22"]
[White "Makhmutov, Rail"]
[Black "Zvjaginsev, Vadim"]
[Result "0-1"]
[WhiteElo "2442"]
[BlackElo "2602"]
[Annotator "TA"]
[PlyCount "90"]
[EventDate "2020.11.19"]
[EventType "team-tourn"]
[EventCountry "RUS"]
[SourceTitle "playchess.com"]
[Source "ChessBase"]
[SourceQuality "1"]

{[%evp 9,90,6,19,0,8,0,18,13,31,25,23,4,9,0,16,0,-6,-18,0,0,8,-15,-20,-15,-16,-14,-10,-14,0,-22,-11,-19,-2,-355,-110,-100,-92,-101,-100,-109,-110,-138,-118,-131,-107,-126,-105,-120,-110,-98,-105,-169,-160,-243,-197,-245,-243,-232,-231,-247,-233,-239,-237,-222,-115,-133,0,-183,-179,-195,-187,-209,-218,-213,-211,-258,-239,-445,-443,-442,-425,-425,-427]} 1. d4 e6 2. c4 Nf6 3. Nf3 a6 4. e3 c5 5. Bd3 d5 6. b3 {E10: Blumenfeld Gambit.} cxd4 7. exd4 Nc6 8. Bb2 {The position is equal.} g6 9. O-O Bg7 10. Nbd2 O-O 11. Re1 b6 {[#]} 12. Qe2 $146 ({Predecessor:} 12. Rc1 Bb7 13. Bf1 Rc8 14. Ne5 dxc4 15. Nxc6 Bxc6 16. bxc4 b5 17. Ba3 Re8 18. cxb5 Bxb5 19. Rxc8 Qxc8 20. Bxb5 axb5 {½-½ (29) Krykun,Y (2308)-Kantor,G (2481) Zalakaros 2017}) 12... Bb7 13. Rad1 dxc4 14. bxc4 b5 15. c5 Nb4 16. Bb1 Bd5 17. a3 Nc6 18. Nf1 Bb3 19. Rd2 Na5 20. Ne5 Nd5 21. Ne3 $2 {[%mdl 8192]} (21. Qf3 $11 {and White has nothing to worry.}) 21... Bxe5 $2 (21... Nf4 $19 {and Black stays clearly on top.} 22. Qf3 Bxe5 {[%mdl 64] Pin}) 22. Nxd5 $17 {[#]} ({Not} 22. dxe5 $2 Nf4 $19) 22... Bxh2+ $1 {[%mdl 512]} 23. Kxh2 {Threatens to win with Nb6.} Bxd5 24. Rdd1 Nc6 25. Rh1 b4 26. Kg1 bxa3 27. Bxa3 Rb8 $40 {[%cal Ba8b8,Bb8b4,Bb4c4][%mdl 160] Black goes for the king.} 28. Qe3 {White wants to mate with Qh6.} f5 ({Don't do} 28... h5 29. Qh6 $15) 29. Bc2 Rf7 30. Bc1 (30. Ba4 $17) 30... Rb4 $19 31. Qc3 (31. f4 $17 {was necessary.}) 31... Qf6 32. Bb2 Rfb7 33. Ba1 {[#]} Qg5 $1 {[%csl Gd5][%cal Rg5g2]} 34. f3 Rc4 35. Qd2 Qxd2 36. Rxd2 Na5 ({Black should play} 36... a5 $19 37. Kf2 a4) 37. Kh2 Nc6 ({Better is} 37... Nb3 $17 38. Bxb3 Rxb3) 38. Bd3 $2 (38. Kg1 $1 $11 {and White stays safe.}) 38... Ra4 39. Be2 a5 {[%cal Ba6a5,Ba5a4][%mdl 32]} 40. Re1 Ra3 41. Kg3 a4 42. Kf4 h6 43. g4 $2 (43. Kg3) 43... g5+ {Black is clearly winning.} 44. Kg3 f4+ 45. Kf2 Rbb3 {Weighted Error Value: White=0.44/Black=0.22} 0-1

[Event "XXVII RUS-chT Premier 2020"]
[Site "Sochi"]
[Date "2020.11.21"]
[Round "3.23"]
[White "Potkin, Vladimir"]
[Black "Samusenko, Maksim"]
[Result "1-0"]
[WhiteElo "2583"]
[BlackElo "2466"]
[Annotator "ChessBase"]
[PlyCount "81"]
[EventDate "2020.11.19"]
[EventType "team-tourn"]
[EventCountry "RUS"]
[SourceTitle "playchess.com"]
[Source "ChessBase"]
[SourceQuality "1"]
[TimeControl "40/5400+30:1800+30"]

1. e4 {[%emt 0:00:00]} d6 {[%emt 0:00:00]} 2. d4 {[%emt 0:00:00]} Nf6 {[%emt 0:00:07]} 3. Nc3 {[%emt 0:00:00]} e5 {[%emt 0:00:25]} 4. Nf3 {[%emt 0:00:02]} Nbd7 {[%emt 0:00:11]} 5. Bc4 {[%emt 0:00:21]} Be7 {[%emt 0:00:32]} 6. a4 {[%emt 0:00:40]} O-O {[%emt 0:00:36]} 7. O-O {[%emt 0:00:06]} c6 {[%emt 0:00:54]} 8. Re1 {[%emt 0:00:22]} h6 {[%emt 0:04:42]} 9. h3 {[%emt 0:02:31]} Qc7 {[%emt 0:01:13]} 10. Be3 {[%emt 0:01:18]} Re8 {[%emt 0:01:35]} 11. a5 {[%emt 0:08:09]} Nf8 {[%emt 0:04:04]} 12. d5 {[%emt 0:05:04]} Ng6 {[%emt 0:12:05]} 13. Nd2 {[%emt 0:14:50]} Nh7 {[%emt 0:09:21]} 14. Bf1 {[%emt 0:01:36]} Bg5 {[%emt 0:05:58]} 15. Nc4 {[%emt 0:01:29]} Rd8 {[%emt 0:02:16]} 16. b4 {[%emt 0:01:53]} Nf6 {[%emt 0:04:11]} 17. Bxg5 {[%emt 0:07:47]} hxg5 {[%emt 0:00:07]} 18. Ne3 {[%emt 0:00:16]} Ne7 {[%emt 0:09:32]} 19. Ra3 {[%emt 0:03:53]} Bd7 {[%emt 0:09:31]} 20. Qd2 {[%emt 0:03:29]} Rac8 {[%emt 0:08:42]} 21. a6 {[%emt 0:06:58]} bxa6 {[%emt 0:06:40]} 22. Bxa6 {[%emt 0:10:02]} Rb8 {[%emt 0:00:20]} 23. dxc6 {[%emt 0:00:55]} Bxc6 {[%emt 0:01:15]} 24. Ned5 {[%emt 0:00:55]} Nexd5 {[%emt 0:07:24]} 25. Nxd5 {[%emt 0:01:47]} Nxd5 {[%emt 0:01:34]} 26. exd5 {[%emt 0:00:02]} Bb5 {[%emt 0:00:31]} 27. Rea1 {[%emt 0:01:32]} Qc4 {[%emt 0:02:06]} 28. Bxb5 {[%emt 0:04:40]} Rxb5 {[%emt 0:00:12]} 29. Qxg5 {[%emt 0:00:41]} Rdb8 {[%emt 0:03:15]} 30. Rg3 {[%emt 0:05:07]} g6 {[%emt 0:00:05]} 31. Rxa7 {[%emt 0:02:10]} Qf4 {[%emt 0:03:17]} 32. Qe7 {[%emt 0:05:52]} Qc1+ {[%emt 0:01:55]} 33. Kh2 {[%emt 0:00:07]} Qf4 {[%emt 0:00:06]} 34. Qxd6 {[%emt 0:05:13]} Rxb4 {[%emt 0:00:06]} 35. Re7 {[%emt 0:01:01]} Rc8 {[%emt 0:01:15]} 36. Rxf7 {[%emt 0:01:16]} Qxf7 {[%emt 0:00:53]} 37. Qxb4 {[%emt 0:00:32]} Rxc2 {[%emt 0:00:37]} 38. Qe4 {[%emt 0:00:26]} Rxf2 {[%emt 0:00:23]} 39. Rxg6+ {[%emt 0:00:24]} Kf8 {[%emt 0:00:25]} 40. Qb4+ {[%emt 0:00:00]} Ke8 {[%emt 0:00:00]} 41. Re6+ {[%emt 0:00:23]} 1-0